LEADER 01306nam a2200301 u 4500 001 000000014513 003 CaOOAMICUS 005 20150316152045.0 008 940517s1967 it u000 u ita u 035 $a10342659 040 $aPUL(R)$bita 041 1 $aita$hger 100 1 $aLe Goff, Jacques,$d1924-2014.$0(OLS)http://pul/name/469 240 10$aHochmittelalter.$lItaliano.$0(OLS)http://pul/title/20846 245 13$aIl Basso Medioevo /$cdi Jacques Le Goff. 260 $aMilano :$bFeltrinelli,$c1967. 300 $a382 p.$c20 cm 650 4$aMedioevo$xStoria.$0(OLS)http://pul/subject/1431 850 $aPUL 852 $aPUL$W1$xDP1 Altre Collocazioni$y17$mSenza collocazione$j12$nBK-PRI$b $qStampati$B20390$CPULBib$Z2$F20390 $H $81 852 $aPUL$W1$xSL Filosofia 1$y2$m99 H 15$j20391$nBK-PRI$b $qStampati$B20391$CPULBib$Z2$F20391 $H $81 852 $aPUL$W1$xDP1 Fondo Capitani$y116$m10 F 44$j164193$qFondi$B164346$CPULBib$Z2$F164346 $HCap1956 $82 941 1 $a8 941 1 $a1 961 $aINV: 45113 961 $aNota ms. di possesso : Capitani 996 $6245$aIl Basso Medioevo$9(OLS)http://pul/title/20847 996 $6260$aMilano :$bFeltrinelli$9(OLS)http://pul/publisher/48846 LEADER 01378nam a2200325 u 4500 001 000000076589 003 CaOOAMICUS 005 20150316160949.0 008 031210s1989 it u000 u ita u 020 $a8815023399 035 $a10978890 040 $aPUL(R)$bita 041 1 $aita$hfre 100 1 $aPacaut, Marcel,$d1920-2002.$0(OLS)http://pul/name/835 240 10$aOrdres monastiques et religieux au Moyen Age.$lItaliano.$0(OLS)http://pul/title/75618 245 10$aMonaci e religiosi nel medioevo /$cMarcel Pacaut. 260 $aBologna :$bIl Mulino,$c1989. 300 $a346 p.$c22 cm 490 1 $aLe vie della civiltà 504 $aBibliografia in appendice. 650 4$aMonachismo e ordini religiosi.$0(OLS)http://pul/subject/757 830 3$aLe vie della civiltà (Il Mulino).$0(OLS)http://pul/title/151500 850 $aPUL 852 $aPUL$W1$xSL Filosofia 1$y2$m133 E 82$j98389$nBK-PRI$b $qStampati$B98389$CPULBib$Z2$F98389 $HPUL65368 $81 852 $aPUL$W1$xDP1 Fondo Capitani$y116$m10 F 74$j164199$qFondi$B164352$CPULBib$Z2$F164352 $HCap468 $82 941 1 $a8 941 1 $a1 996 $6020$a8815023399$9(OLS)http://pul/number/71318 996 $6245$aMonaci e religiosi nel medioevo$9(OLS)http://pul/title/75619 996 $6260$aBologna :$bIl Mulino$9(OLS)http://pul/publisher/47928